|
|
|
|
| LEADER |
00000nab a2200000uu 4500 |
| 001 |
vtls011505588 |
| 003 |
SK-MaSNL |
| 005 |
20260304025927.0 |
| 008 |
250310|1964 xo |||||||||||||||||cze| |
| 015 |
|
|
|a SNBRB
|
| 035 |
|
|
|a (urnnbn)urn:nbn:sk:snk:ar-a0boev
|
| 035 |
|
|
|a (uuid)32d44335-554f-4496-8d29-cf7cc5a969f6
|
| 035 |
|
|
|a urn:nbn:sk:snk-abdyyy
|
| 040 |
|
|
|a SNKBUCL
|b slo
|c SNKBUCL
|e AACR2
|
| 041 |
0 |
|
|a cze
|
| 044 |
|
|
|a xo
|c SK
|
| 100 |
1 |
|
|a Pohribný, Arsén,
|d 1928-2012
|4 aut
|9 215976
|
| 245 |
1 |
0 |
|a Humor opravdu pro děti
|c A. Pohribný, V. Stanovský
|
| 700 |
1 |
|
|a Stanovský, Vladislav,
|d 1922-2005
|4 aut
|9 190980
|
| 773 |
0 |
|
|t Zlatý máj : kritická revue tvorby pro mládež
|g Roč. 8, č. 10 (1964), s. [462]-463
|
| 958 |
|
|
|a OND
|
| 958 |
|
|
|a article20
|
| 999 |
|
|
|c 2630708
|d 2632638
|